[Event "RUS-chT 19th"]
[Site "Sochi"]
[Date "2012.04.12"]
[Round "4"]
[White "Gutov, Andrey"]
[Black "Makarov, Marat"]
[Result "1-0"]
[WhiteElo "2412"]
[BlackElo "2523"]
[PlyCount "111"]
[EventDate "2012.04.09"]
[EventType "team-swiss"]
[EventRounds "7"]
[EventCountry "RUS"]
[SourceTitle "CBM 148"]
[Source "ChessBase"]
[SourceDate "2012.05.16"]
[SourceVersion "1"]
[SourceVersionDate "2012.05.16"]
[SourceQuality "1"]
[WhiteTeam "Kemerovo"]
[BlackTeam "St Petersburg Chigorin CC"]
[WhiteTeamCountry "RUS"]
[BlackTeamCountry "RUS"]

1. d4 Nf6 2. c4 e6 3. Nc3 Bb4 4. e3 c5 5. Nge2 cxd4 6. exd4 d5 7. a3 Bxc3+ 8. Nxc3 Nc6 9. c5 0-0 10. Bf4 Ne4 11. Bd3 Qf6 12. Be3 Nxc3 13. bxc3 b6 14. Qh5 g6 15. Qh6 bxc5 16. Bg5 Qg7 17. Qh4 f5 18. Bb5 Bd7 19. Bxc6 Bxc6 20. 0-0 cxd4 21. cxd4 f4 22. Rfe1 Bd7 23. Re5 f3 24. g4 Rac8 25. Rae1 Rc4 26. Be7 Rxd4 27. h3 Rdf4 28. Bxf8 Rxf8 29. Qg5 Qf6 30. Qxf6 Rxf6 31. Rc1 Kf8 32. Rc7 Ke7 33. Rxa7 Kd6 34. Re3 h5 35. gxh5 gxh5 36. a4 d4 37. Rb3 Bc6 38. Rb8 e5 39. Rd8+ Kc5 40. Ra5+ Kc4 41. Rxe5 Bxa4 42. Re4 Bc6 43. Rexd4+ Kc5 44. Rh4 Rg6+ 45. Kf1 Rg5 46. Rh8 Bb5+ 47. Ke1 Re5+ 48. Kd1 Be8 49. Rf4 Bc6 50. Rc8 Kb5 51. Kd2 Re6 52. Kc3 Re1 53. Rf5+ Ka4 54. Rb8 Rc1+ 55. Kd2 Rc4 56. Rf7 1-0

[Event "RUS-chT 18th"]
[Site "Olginka"]
[Date "2011.04.13"]
[Round "2"]
[White "Danin, Alexandre"]
[Black "Makarov, Marat"]
[Result "1/2-1/2"]
[WhiteElo "2543"]
[BlackElo "2520"]
[PlyCount "83"]
[EventDate "2011.04.12"]
[EventType "team-tourn"]
[EventRounds "11"]
[EventCountry "RUS"]
[SourceTitle "EXT 2020"]
[Source "ChessBase"]
[SourceDate "2019.10.17"]
[SourceVersion "1"]
[SourceVersionDate "2019.10.17"]
[SourceQuality "1"]
[WhiteTeam "Belgorod BelGu"]
[BlackTeam "St Petersburg Mikhail Chigorin"]
[WhiteTeamCountry "RUS"]
[BlackTeamCountry "RUS"]

1. e4 e5 2. Nf3 Nc6 3. d4 exd4 4. Nxd4 Bc5 5. Nxc6 bxc6 6. Bd3 Qh4 7. 0-0 Nf6 8. Qf3 Bd4 9. h3 0-0 10. Nc3 d6 11. Ne2 Bb6 12. Ng3 Re8 13. Re1 g6 14. Qf4 Qxf4 15. Bxf4 Nd7 16. Be3 Rb8 17. b3 Ba5 18. Re2 Bc3 19. Rd1 c5 20. Bd2 Bxd2 21. Rexd2 Ne5 22. Be2 Nc6 23. f3 Kg7 24. Kf2 Be6 25. Nf1 f5 26. exf5 Bxf5 27. Ne3 Be6 28. Bd3 Nb4 29. Be4 Nxa2 30. Ra1 Nc3 31. Bc6 Re7 32. Rd3 Rb6 33. Rxc3 Rxc6 34. Rxa7 d5 35. Rd3 d4 36. Nd1 c4 37. bxc4 Rxc4 38. c3 dxc3 39. Rxc3 Kf7 40. Rxc4 Bxc4 41. Nc3 c6 42. Rxe7+ 1/2-1/2

[Event "St Petersburg-ch 83rd"]
[Site "St Petersburg"]
[Date "2010.05.23"]
[Round "7"]
[White "Makarov, Marat"]
[Black "Khairullin, Ildar"]
[Result "1/2-1/2"]
[WhiteElo "2518"]
[BlackElo "2617"]
[PlyCount "20"]
[EventDate "2010.05.16"]
[EventType "tourn"]
[EventRounds "11"]
[EventCountry "RUS"]
[EventCategory "12"]
[SourceTitle "CBM 137"]
[Source "ChessBase"]
[SourceDate "2010.07.15"]
[SourceVersion "1"]
[SourceVersionDate "2010.07.15"]
[SourceQuality "1"]

1. e4 e5 2. Nf3 Nc6 3. Bc4 Bc5 4. d3 Nf6 5. Nc3 d6 6. a3 a6 7. Be3 Bxe3 8. fxe3 Be6 9. Bxe6 fxe6 10. 0-0 0-0 1/2-1/2